000 04974nam a22005297a 4500
005 20080606122156.0
008 080606t xxu||||| |||| 00| 0 eng d
010 _aB-278812-832
020 _a1405486015
_c450.00
020 _a9781405486019
_c450.00
035 _aB-278812-832
035 _aB-284172
037 _bSuper Book
040 _aDPL
_bEN
082 _a912
100 _aLye, Keith
_925931
245 _aAtlas of the World /
_cby Keith, Lye [and] Philip Steele
260 _aBath
_bParragon
_c2006
270 _aQueen Street House, 4 Queen Street
_bBath BA1 1HE, UK
300 _a256p.
_bcol. photos
_c27cm.(Hb)
_emaps
700 _aSteele, Philip
_925932
942 _2ddc
_cCH
_h912
_mLYE
999 _c25337
_d25337